Name the Coca Cola Products - Statistics

General Stats
  • This quiz has been taken 105 times
  • The average score is 5 of 10
Answer Stats
Hint Answer % Correct
Normal Coke Coca Cola
99%
Grey Can Diet Coke
71%
Orange Fanta
71%
No Sugar Coke Zero
59%
Similar to Gatorade Powerade
51%
Water for intelligent people Smart Water
44%
Lemonade Sprite
44%
Sounds like "thats a knee" Dasani
18%
Tea Gold Peak
5%
Coconut Water Zico
1%
No matching quizzes found
Score Distribution
Percent of People with Each Score
Percentile by Number Answered
Your Score History
You have not taken this quiz